Toulon - Choix multiples - Statistiques

Statistiques générales
  • Ce quiz a été pris 2 992 fois
    2 851 depuis la dernière actualisation
  • Le résultat moyen est 7 sur 10
Statistiques - réponses
Question Réponse % Correct
Quel type de port est situé à Toulon et est le plus grand de France ? Port militaire
92%
Dans quel département français la ville de Toulon est-elle la préfecture ? Le Var
90%
Lequel de ces moyens de transport permet de rejoindre le Mont Faron depuis la ville de Toulon ?
88%
Quel superlatif est supposément associé à Toulon à l'échelle de la France métropolitaine ? La plus ensoleillée
81%
Comment se nomme le stade dans lequel évolue le célèbre club de rugby toulonnais ? Le Stade Mayol
76%
Quelle image représente le Chanteclair, spécialité pâtissière originaire de Toulon ?
72%
Avec quelle ville Toulon partage-t-elle son aéroport ? Hyères
68%
Quel surnom original le quartier populaire autour du port, réputé mal famé au sortir de la Seconde Guerre mondiale, portait-il ? Le Petit Chicago
63%
Quel célèbre militaire s'est distingué militairement pour la première fois lors du siège et de la prise de Toulon ? Napoléon Bonaparte
63%
Quel écrivain célèbre passé par Toulon y fit passer 19 ans de bagne à son iconique forçat ? Victor Hugo
53%
Aucun quiz correspondant
Distribution des résultats
% des personnes avec chaque résultat
Percentile par nombre de réponses
Votre historique - résultats
Vous n’avez pas pris ce quiz depuis la dernière actualisation